Регионална библиотека "Любен Каравелов" - Русе

Илиада (Запис номер 97788)

MARC детайли
000 -Лидер
Контролно поле с фиксирана дължина 01399nam a2200337 c 4500
003 - Код на организацията, давaща контролен номер
Контролно поле BLK
005 - Дата и час на последна редакция
Контролно поле 20241009005438.0
008 - Елементи от данни с фиксирана дължина
fixed length control field 180409b bul|||||r ||||||| ||bul||
010 ## - Наследен системен номер
LC control number KNG00102703000
020 ## - Международен стандартен номер на книга ISBN
Международен стандартен номер на книга ISBN 954-597-106-1
-- издат.: Фама
040 ## - Източник на каталожния запис
Идентификатор на билиотеката - собственик на записа BLK
041 ## - Код за език
Код за езика на текст/звукозапис или на отделно заглавие Български
Код за езика КДБФ Български
080 ## - УДК
Текстов определител УДК Класическа гръцка литература. Старогръцка литература
УДК код - определител по УДК 821.142
УДК определител -13
УДК - код + определител 821.142-13
100 1# - Редна дума - Автор
Автор Омир
Авторска отговорност първи автор
R(LIN) 104719
139 ## - Редно поле
Редна дума Омир
Авторски знак Омир - О 56
245 10 - Сведения за заглавието
Заглавие Илиада
Подзаглавни данни Песни I, ХVIII, ХХII, ХХIV ; Из песни II, VI
Редно поле (дума) Омир; прев. от старогр. Асен Разцветников.
250 ## - Област на изданието
Сведения за изданието 15. изд.
257 ## - Страна на издаване
Страна на създаване/издаване Древна Гърция
260 ## - Област на издателските данни
-- София
Име на издателя, разпространителя и проч. Фама
Година на издаване 1999
Печатница София : Офсетграфик
300 ## - Физическа характеристика
Страници 102 с.
Размери/Мащаб 20 см
380 ## - Жанр
Жанр Худож. лит.
490 1# - СЕРИИ (Колекции)
Име на серия Пантеон
500 ## - Общи забележки
Забележка Без сведение за ориг. загл. - 1. изд. на изд. Т. Ф. Чипев. - Офс. изд. - 500 тир.
700 1# - Други автори (авторска отговорност)
Лично име Разцветников, Асен
Дати, свързани с автора 1897 - 1951
Пълна форма на името Коларов, Асен Петков
Автороска отговорност (Описва отношението между автора и произведението) прев. от старогр.
Друга информация Коларов, Асен Петков
9 (RLIN) 114515
852 ## - Местоположение
Форматна сигнатура Цб 212164
856 4# - Електронен адрес и достъп
Електронен формат pdf - файл
Път до файла /url/
856 4# - Електронен адрес и достъп
Електронен формат pdf - файл
Път до файла /url/
942 ## - АРТИКУЛИ
Вид на библиотечния материал Книги
Скрит в OPAC Не
Koha issues (borrowed), all copies 44
944 ## - СЪЗДАВАНЕ И РЕДАКЦИЯ на ЗАПИСА
Създаване/Редакция Създаване
Дата на регистрацията/редакция 01.01.1999
Служител, извършил регистрацията/редакцията
Статус, дата на статуса CRON CRON
944 ## - СЪЗДАВАНЕ И РЕДАКЦИЯ на ЗАПИСА
Създаване/Редакция Редакция
Дата на регистрацията/редакция 06.12.2003
Служител, извършил регистрацията/редакцията
999 ## - СИСТЕМНИ КОНТРОЛНИ НОМЕРА
Koha biblionumber 97788
Koha biblioitemnumber 97788
Наличности
Код за отписване Код за изгубен артикул Код за повреда Коз за рестрикции Код за отдаване Артикулен № Име на библиотеката - собственик Име на библиотеката, в която се намира в момента Статус (Текущо местоположение) Дата на вписване в системата Местоположение - отдел Цена в лева Инвентарен номер Систематично азбучна сигнатура Баркод Номер на екземпляра Цена в евро Служебна бележка Служебен тип на артикула Източник на класификационната схема
  Не е изгубен Не е повреден без рестрикции ползва се в читалня 157218 Регионална библиотека "Любен Каравелов" Русе Регионална библиотека "Любен Каравелов" Русе Хранилище 2002-08-12 Основен фонд - ползва се само за читалня 2.50 120000671264 Цб 212164 120000671264 1 1.28 Дост: Pk Вид: Ф N: 3353 Дата: 08.08.2002 Книги  
Изтеглен Не е изгубен Не е повреден без рестрикции заемане за дома 157219 Регионална библиотека "Любен Каравелов" Русе Регионална библиотека "Любен Каравелов" Русе Заемна - подръчен фонд 2002-08-12 Заемна - подръчен фонд 2.50 120000671265 П 875-1/О 56 120000671265 2 1.28 Дост: Pk Вид: Ф N: 3353 Дата: 08.08.2002 Дата инв: 15.02.2018 Бележки инв: П2018 Книги Universal Decimal Classification
Изтеглен Не е изгубен Не е повреден без рестрикции заемане за дома 157220 Регионална библиотека "Любен Каравелов" Русе Регионална библиотека "Любен Каравелов" Русе Заемна - подръчен фонд 2002-08-12 Заемна - подръчен фонд 2.50 120000671266 П 875-1/О 56 120000671266 3 1.28 Дост: Pk Вид: Ф N: 3353 Дата: 08.08.2002 Книги Universal Decimal Classification
Изтеглен Не е изгубен Не е повреден без рестрикции заемане за дома 157221 Регионална библиотека "Любен Каравелов" Русе Регионална библиотека "Любен Каравелов" Русе Заемна - подръчен фонд 2002-08-12 Заемна - подръчен фонд 2.50 120000671267 П 875-1/О 56 120000671267 4 1.28 Дост: Pk Вид: Ф N: 3353 Дата: 08.08.2002 Книги Universal Decimal Classification
Изтеглен Не е изгубен Не е повреден без рестрикции заемане за дома 157222 Регионална библиотека "Любен Каравелов" Русе Регионална библиотека "Любен Каравелов" Русе Заемна - подръчен фонд 2002-08-12 Заемна - подръчен фонд 2.50 120000671269 П 875-1/О 56 120000671269 5 1.28 Дост: Pk Вид: Ф N: 3353 Дата: 08.08.2002 Дата инв: 15.02.2018 Бележки инв: П2018 Книги  
Изтеглен Не е изгубен Не е повреден без рестрикции заемане за дома 157223 Регионална библиотека "Любен Каравелов" Русе Регионална библиотека "Любен Каравелов" Русе Заемна - подръчен фонд 2002-08-12 Заемна - подръчен фонд 2.50 120000671270 П 875-1/О 56 120000671270 6 1.28 Дост: Pk Вид: Ф N: 3353 Дата: 08.08.2002 Книги Universal Decimal Classification
Изтеглен Не е изгубен Не е повреден без рестрикции заемане за дома 157224 Регионална библиотека "Любен Каравелов" Русе Регионална библиотека "Любен Каравелов" Русе Заемна - подръчен фонд 2002-08-12 Заемна - подръчен фонд 2.50 120000671272 П 875-1/О 56 120000671272 7 1.28 Дост: Pk Вид: Ф N: 3353 Дата: 08.08.2002 Книги Universal Decimal Classification
Изтеглен Не е изгубен Не е повреден без рестрикции заемане за дома 157225 Регионална библиотека "Любен Каравелов" Русе Регионална библиотека "Любен Каравелов" Русе Заемна - подръчен фонд 2002-08-12 Заемна - подръчен фонд 2.50 120000671273 П 875-1/О 56 120000671273 8 1.28 Дост: Pk Вид: Ф N: 3353 Дата: 08.08.2002 Книги Universal Decimal Classification
Изтеглен Не е изгубен Не е повреден без рестрикции заемане за дома 157226 Регионална библиотека "Любен Каравелов" Русе Регионална библиотека "Любен Каравелов" Русе Заемна - подръчен фонд 2002-09-20 Заемна - подръчен фонд 2.50 120000672329 П 875-1/О 56 120000672329 9 1.28 Дост: Pk Вид: Ф N: 3529 Дата: 19.09.2002 Дата инв: 15.02.2018 Бележки инв: П2018 Книги  
Изтеглен Не е изгубен Не е повреден без рестрикции заемане за дома 157227 Регионална библиотека "Любен Каравелов" Русе Регионална библиотека "Любен Каравелов" Русе Заемна - подръчен фонд 2003-03-26 Заемна - подръчен фонд 3.00 120000675331 П 875-1/О 56 120000675331 10 1.53 Дост: Ak Вид: Г N: 7 Дата: 24.03.2003 Книги  
Vip Innovations Ltd, Rousse, Bulgaria 2025